<the> International journal of accounting

Gespeichert in:
Bibliographische Detailangaben
Format: Schriftenreihe
Sprache:Englisch
Veröffentlicht: Greenwich JAI PRESS 1996
Schlagworte:
Tags: Tag hinzufügen
Keine Tags, Fügen Sie das erste Tag hinzu!

MARC

LEADER 00000nas2a2200000 4500
001 s107315
005 20221221070550.3
022 |a 0020-7063 
041 0 |a eng 
044 |a US 
245 1 0 |a <the> International journal of accounting 
264 1 |a Greenwich  |b JAI PRESS  |c 1996 
300 |a 1 zv. 
773 0 |w eu_un_cat*s120090 
610 2 0 |a účtovníctvo